• 首页
  • 本馆介绍
  • 公告通知
  • 最新文献
  • 馆藏检索
  • 电子资源
  • 读者导购
  • 参考咨询
  • 我的图书馆
  • 登录
  • 详细信息显示
  • 放入我的书架
  • 预约/预借图书
  • 作者相关作品
  • 分类相关作品
  • 丛书相关作品
  • 出版社相关作品

书目信息

  • 表格格式
  • 工作单格式
  • 卡片格式
题名:
城市绿地节水技术
    
 
作者: 刘洪禄 , 吴文勇,郝仲勇 著
分册:  
出版信息: 北京   中国水利水电出版社  2006.06
页数: 311页
开本: 26cm
丛书名:
单 册:
中图分类: TU991.64
科图分类:
主题词: 城市--绿化地--节约用水--技术 , 给水工程:市政工程 , 城市供水系统
电子资源:
ISBN: 7-5084-3830-2
000 01115 nam 000301
001 0100000201
005 20070709093355.53
010    @a7-5084-3830-2@b精装@dCNY50.00
100    @a20070613d2006 ekmy0chiy50 ea
101 0  @achi
102    @aCN@b110000
105    @aak z 000yy
200 1  @a城市绿地节水技术@Acheng shi lv de jie shui ji shu@f刘洪禄等著@Fliu hong lu deng zhu
210    @a北京@c中国水利水电出版社@d2006.06
215    @a311页@c图@d26cm
300    @a国家高技术研究发展计划(863计划)资助项目北京市“十五”科技攻关计划资助项目
330    @a本书论述了城市绿地节水的关键技术途径、城市绿地耗水规律与灌溉制度、城市绿地雨洪集蓄与利用技术、城市绿地再生水灌溉技术、城市绿地非工程节水技术、城市绿地节水灌溉自动控制技术等。
540 1  @a城市绿地节水技术
606 0  @a城市@x绿化地@x节约用水@x技术
606 0  @a给水工程:市政工程
606 0  @a城市供水系统
690    @aTU991.64@v4
701  0 @a刘洪禄@Aliu hong lu@4著
701  0 @a吴文勇,郝仲勇@Awu wen yong , hao zhong yong@4著
801  0 @aCN@bYXSD@c20070709
901    @a1000
905    @aBZT@dTU991.64@e1@f4
906    @dCNY50.00@n0@r1
    
    城市绿地节水技术/刘洪禄等著.-北京:中国水利水电出版社,2006.06
    311页:图;26cm
    国家高技术研究发展计划(863计划)资助项目北京市“十五”科技攻关计划资助项目
    
    ISBN 7-5084-3830-2(精装):CNY50.00
    本书论述了城市绿地节水的关键技术途径、城市绿地耗水规律与灌溉制度、城市绿地雨洪集蓄与利用技术、城市绿地再生水灌溉技术、城市绿地非工程节水技术、城市绿地节水灌溉自动控制技术等。
●
相关链接 在五车中查询图书 在当当中查询图书 在豆瓣中查询图书


正题名:城市绿地节水技术     索取号:TU991.64/1         预约/预借

序号 登录号 条形码 馆藏地/架位号 状态 备注
1 0569572   230190024   样本书库/样007架A面3层2列/ [索取号:TU991.64/1] 在馆    
2 0569573   230190027   中心书库中库/ 中库023架B面7列7层26/ [索取号:TU991.64/1] 在馆    
3 0569574   230190026   中心书库中库/ 中库022架A面7列6层29/ [索取号:TU991.64/1] 在馆    
4 0569575   230190025   中心书库中库/ 中库022架A面7列6层28/ [索取号:TU991.64/1] 在馆    
山东省滨州职业学院图书馆 欢迎您!
大连网信软件有限公司© 版权所有